Giáo trình luật hình sự 2
Giáo trình trình bày thế nào trách nhiệm hình sự và hình phạt. Hệ thống hình phạt và các biện pháp tư pháp. Quyết định hình phạt,....
保存先:
| 第一著者: | |
|---|---|
| フォーマット: | 図書 |
| 言語: | Undetermined |
| 出版事項: |
Cần Thơ
Trường Đại học Cần Thơ
2008
|
| 主題: | |
| タグ: |
タグ追加
タグなし, このレコードへの初めてのタグを付けませんか!
|
| Thư viện lưu trữ: | Trung tâm Học liệu Trường Đại học Cần Thơ |
|---|
| LEADER | 00794nam a2200205Ia 4500 | ||
|---|---|---|---|
| 001 | CTU_143160 | ||
| 008 | 210402s9999 xx 000 0 und d | ||
| 082 | |a 345.597 | ||
| 082 | |b B205/T.2 | ||
| 100 | |a Phạm, Văn Beo | ||
| 245 | 0 | |a Giáo trình luật hình sự 2 | |
| 245 | 0 | |c Phạm Văn Beo | |
| 260 | |a Cần Thơ | ||
| 260 | |b Trường Đại học Cần Thơ | ||
| 260 | |c 2008 | ||
| 520 | |a Giáo trình trình bày thế nào trách nhiệm hình sự và hình phạt. Hệ thống hình phạt và các biện pháp tư pháp. Quyết định hình phạt,.... | ||
| 650 | |a Criminal law,Luật hình sự | ||
| 650 | |z Vietnam,Việt Nam | ||
| 904 | |i Năm | ||
| 980 | |a Trung tâm Học liệu Trường Đại học Cần Thơ | ||